| 000 | 00695cam a2200229 a 4500 | ||
|---|---|---|---|
| 999 |
_c106919 _d106919 |
||
| 001 | vtls000191879 | ||
| 005 | 20180816114704.0 | ||
| 008 | 180416t2013 nyua b 001 0 eng | ||
| 020 | _a9781118279014 | ||
| 040 | _cPK-LaUMT | ||
| 082 |
_a519.6 _bCHO-I |
||
| 100 | 1 | _aChong, Edwin Kah Pin | |
| 245 | 1 | 3 |
_aAn introduction to optimization / _cEdwin K.P. Chong and Stanislaw H. Zak. |
| 250 | _a4th ed. | ||
| 260 |
_aHoboken : _bJohn Wiley, _c2013 |
||
| 300 |
_axv, 622 p. : _billustrations ; _c24 cm. |
||
| 500 | _a"A Wiley-Interscience publication." | ||
| 650 | 0 | _aMathematical optimization. | |
| 700 | 1 | _aZak, Stanislaw H. | |
| 942 | _cBK | ||